000 01413nam a2200349Ia 4500
001 ebr10229862
003 CaPaEBR
006 m u
007 cr cn|||||||||
008 070820s2007 enka sb 001 0 eng d
020 _z9780335235179
020 _z0335220541 (hbk.)
020 _z9780335220540 (hbk.)
020 _z0335220533 (pbk.)
020 _z9780335220533 (pbk.)
040 _aCaPaEBR
_cCaPaEBR
035 _a(OCoLC)568360604
050 1 4 _aBF637.C45
_bK46 2007eb
082 0 4 _a302.2
_222
245 0 0 _aKey themes in interpersonal communication
_h[electronic resource] :
_bculture, identities and performance /
_cAnne Hill ... [et al.].
260 _aMaidenhead, England ;
_aNew York :
_bMcGraw Hill/Open University Press,
_cc2007.
300 _a217 p. :
_bill.
504 _aIncludes bibliographical references (p. [190]-199) and index.
533 _aElectronic reproduction.
_bPalo Alto, Calif. :
_cebrary,
_d2009.
_nAvailable via World Wide Web.
_nAccess may be limited to ebrary affiliated libraries.
650 0 _aInterpersonal communication.
650 0 _aInterpersonal communication
_xSocial aspects.
650 0 _aIdentity (Psychology)
655 7 _aElectronic books.
_2local
700 1 _aHill, Anne,
_d1952-
710 2 _aebrary, Inc.
856 4 0 _uhttp://site.ebrary.com/lib/rucke/Doc?id=10229862
_zAn electronic book accessible through the World Wide Web; click to view
999 _c39143
_d39143